1591 1288 1080 1794 1898 1396 1153 1901 1761 1548 1932 1030 1010 1944 1494 1044 1352 1018 1022 1899 1067 1270 1113 1151 1871 1817 1188 1831 1735 1193 1559 1314 1571 1344 1144 1514 1538 1431 1955 1526 1281 1627 1190 1668 1232 1153 1099 1704 1800 1264 1291 1155 1563 1480 1169 1341 1349 1921 1425 1464 1449 1450 1085 1218 1201 1828 1261 1321 1570 1340 1808 1189 1649 1697 1698 1733 1779 1696 1336 1749 1397 1030 1560 1482 1154 1869 1504 1119 1169 1227 1978 1014 1143 1621 1626 1017 1947 1682 1400 BCNSPRNW ULIB Ver.6.0+V

เปลี่ยนเป็นภาษาไทย

Change to English
 แสดงรายละเอียดบรรณานุกรม
  กลับหน้าหลัก

Brief Record : Get Marc (ISO 2709) : E-mail record : QR code < ปิดหน้าต่าง
LEADER : 00000nam 2200000uu 4500
001    13399114135
003     ULIB
008    120222s||||||||th 000 0 tha d
020    ^a9786117089046
060 04 ^aWY100^bพ282ก
100 0  ^aพรศิริ พันธสี
245 10 ^aกระบวนการพยาบาล & แบบแผนสุขภาพ :^bการประยุกต์ใช้ทางคลินิก=^bNursing process & functional health pattern : application in clinical practice /^cพรศิริ พันธสี
246 31 ^aNursing process & functional health pattern : applicationin clinical practice
250    ^aพิมพ์ครั้งที่ 6
260    ^aกรุงเทพฯ :^bพิมพ์อักษร,^c2554
300    ^aก-ฎ, 334 หน้า ;^c26 ซม.
650  7 ^aกระบวนการพยาบาล
650  7 ^aการพยาบาล, การวินิจฉัย
650  7 ^aสุขภาพ
650  7 ^aการพยาบาล
945    ^p220^l0^i031051
945    ^p220^l0^i031052
995    ^aเกษร
999    ^aใช้งานได้ทุกระบบ
รายการนี้ยังไม่มีแท็ก
คุณยังไม่ได้ล็อกอิน คุณสามารถมีกิจกรรมร่วมกับเว็บไซต์ได้ แต่ต้องล็อกอินก่อน ::
  ล็อกอิน

รายการสื่อสารสนเทศ

ลำดับที่ ประเภท เลขเรียก/บาร์โค้ด สถานที่ สถานะ
1. วิทยาศาสตร์การแพทย์ และสุขภาพ
วิทยาศาสตร์การแพทย์ และสุขภาพ
สถานะ=หนังสือเก่า
WY100 พ282ก ฉ.1 
  Barcode: 031051
ห้องสมุดวิทยาเขตนครสวรรค์
►ส่วนจัดเก็บหนังสือเก่า นว.
บนชั้น
  ขอยืม

รายการใกล้เคียง
    ผู้แต่ง [พรศิริ พันธสี]

    หัวเรื่อง [กระบวนการพยาบาล]
    หัวเรื่อง [การพยาบาล, การวินิจฉัย]
    หัวเรื่อง [สุขภาพ]
    หัวเรื่อง [การพยาบาล]

BibComment


ยังไม่เคยถูกคอมเมนท์

คอมเมนท์ทรัพยากรรายการนี้
  คอมเมนท์: กระบวนการพยาบาล ..


 Copyright 2026. Bcnsprnw @Library